Ảnh hưởng của các mức năng lượng và protein khác nhau trong khẩu phần trên sự sinh trưởng của vịt thịt (Chuyên ngành: chăn nuôi)
Nội dung đề tài là tìm ra mức năng lượng và protein phù hợp cho sự sinh trưởng và phát triển của lai vịt siêu thịt ở qui mô chăn nuôi nhỏ.
Đã lưu trong:
| 主要作者: | |
|---|---|
| 格式: | 圖書 |
| 語言: | Undetermined |
| 出版: |
Cần Thơ
Trường Đại học Cần Thơ
2008
|
| 主題: | |
| 標簽: |
添加標簽
沒有標簽, 成為第一個標記此記錄!
|
| Thư viện lưu trữ: | Trung tâm Học liệu Trường Đại học Cần Thơ |
|---|
| LEADER | 01041nam a2200229Ia 4500 | ||
|---|---|---|---|
| 001 | CTU_135979 | ||
| 008 | 210402s9999 xx 000 0 und d | ||
| 082 | |a 636.5 | ||
| 082 | |b L105 | ||
| 088 | |a 60620105,60620105 | ||
| 100 | |a Lý, Thị Thu Lan | ||
| 245 | 0 | |a Ảnh hưởng của các mức năng lượng và protein khác nhau trong khẩu phần trên sự sinh trưởng của vịt thịt | |
| 245 | 0 | |b (Chuyên ngành: chăn nuôi) | |
| 245 | 0 | |c Lý Thị Thu Lan ; Bùi Xuân Mến giáo viên hướng dẫn | |
| 260 | |a Cần Thơ | ||
| 260 | |b Trường Đại học Cần Thơ | ||
| 260 | |c 2008 | ||
| 520 | |a Nội dung đề tài là tìm ra mức năng lượng và protein phù hợp cho sự sinh trưởng và phát triển của lai vịt siêu thịt ở qui mô chăn nuôi nhỏ. | ||
| 650 | |a Ducks,Vịt | ||
| 650 | |x Breeding,Chăn nuôi | ||
| 904 | |i Tuyến | ||
| 980 | |a Trung tâm Học liệu Trường Đại học Cần Thơ | ||